<?xml version="1.0" encoding="UTF-8"?>
<record
    xmlns:xsi="http://www.w3.org/2001/XMLSchema-instance"
    xsi:schemaLocation="http://www.loc.gov/MARC21/slim http://www.loc.gov/standards/marcxml/schema/MARC21slim.xsd"
    xmlns="http://www.loc.gov/MARC21/slim">

  <leader>00610nam a2200193 a 4500</leader>
  <controlfield tag="001">sa 68008922 </controlfield>
  <controlfield tag="003">DLC</controlfield>
  <controlfield tag="005">20260227112538.0</controlfield>
  <controlfield tag="008">980923s1904    ii            000 0 tam  </controlfield>
  <datafield tag="010" ind1=" " ind2=" ">
    <subfield code="a">sa 68008922 </subfield>
  </datafield>
  <datafield tag="040" ind1=" " ind2=" ">
    <subfield code="a">DLC</subfield>
    <subfield code="c">DLC</subfield>
  </datafield>
  <datafield tag="050" ind1="0" ind2="0">
    <subfield code="a">PL4758.6</subfield>
    <subfield code="b">.P313</subfield>
  </datafield>
  <datafield tag="100" ind1="1" ind2=" ">
    <subfield code="a">P&#x101;&#x1E47;&#x1E6D;itturaitt&#x113;var,</subfield>
    <subfield code="d">1867-1911.</subfield>
  </datafield>
  <datafield tag="245" ind1="1" ind2="0">
    <subfield code="a">Caivama&#xF1;cari /</subfield>
    <subfield code="c">P&#x14D;. P&#x101;&#x1E47;&#x1E6D;itturait T&#x113;var&#x101;l tokukkaper&#x332;r&#x332;tu.</subfield>
  </datafield>
  <datafield tag="260" ind1=" " ind2=" ">
    <subfield code="a">Maturai :</subfield>
    <subfield code="b">Tamil&#x332;cca&#x1E45;ka Muttr&#x101;c&#x101;laip patippu,</subfield>
    <subfield code="c">1904.</subfield>
  </datafield>
  <datafield tag="300" ind1=" " ind2=" ">
    <subfield code="a">1 v. (various pagings) ;</subfield>
    <subfield code="c">25 cm.</subfield>
  </datafield>
  <datafield tag="440" ind1=" " ind2="0">
    <subfield code="a">Maturait Tamil&#x332;cca&#x1E45;kattu piracuram ;</subfield>
    <subfield code="v">2</subfield>
  </datafield>
  <datafield tag="546" ind1=" " ind2=" ">
    <subfield code="a">In Tamil.</subfield>
  </datafield>
  <datafield tag="999" ind1=" " ind2=" ">
    <subfield code="c">82631</subfield>
    <subfield code="d">82631</subfield>
  </datafield>
</record>
